000 00292nam a2200121Ia 4500
008 190722s9999 xx 000 0 und d
020 _a978-81-265-5038-8
100 _aDean Abbott
245 0 _aApplied Predictive Analytics
260 _aNew Delhi
_bWiley
_c2015
300 _a427
942 _cBK
999 _c873
_d873